[Event "Challenge"]
[Site "http://www.queenalice.com/game.php?id=493438"]
[Date "2008.11.15"]
[Round "-"]
[White "Miquel78"]
[Black "skatista99"]
[Result "1-0"]
[WhiteElo "1500"]
[BlackElo "1208"]

1. e4 e5 2. f4 exf4 3. Nf3 Nc6 4. h4 Bc5 5. d4 Bb6 6. Bxf4 d6 7. Bb5 Bg4 8. d5
a6 9. Ba4 Qf6 10. Bd2 O-O-O 11. dxc6 Qxb2 12. cxb7+ Kxb7 13. Bc3 Ba5 14. Bxa5
Qxa1 15. Bc3 Qxa2 16. Bb3 Qxb3 17. cxb3 Nf6 18. Bxf6 gxf6 19. Qd5+ Kb8 20. Qxf7
Rde8 21. Nc3 f5 22. Nd2 fxe4 23. Ncxe4 Re5 24. Qg7 Rhe8 25. Qxg4 d5 26. O-O dxe4
27. Rf7 e3 28. Qd7 Rc8 29. Nf3 e2 30. Re7 Rxe7 31. Qxe7 1-0

[Event "AUTO-OPEN-1340"]
[Site "http://www.queenalice.com/game.php?id=495047"]
[Date "2008.11.18"]
[Round "1"]
[White "V_Spy"]
[Black "Miquel78"]
[Result "0-1"]
[WhiteElo "1539"]
[BlackElo "1597"]

1. d4 Nf6 2. Nc3 d5 3. Qd3 g6 4. Nf3 Bf5 5. Qd2 Bg7 6. h3 Nc6 7. g4 Bc8 8. a3
O-O 9. b4 Ne4 10. Nxe4 dxe4 11. Ng5 Nxd4 12. Nxe4 Nf3+ 13. exf3 Qxd2+ 14. Bxd2
Bxa1 15. c3 Bb2 16. Bc4 Bxa3 17. O-O b6 18. Ra1 Bxb4 19. cxb4 Bb7 20. Bf4 Bxe4
21. fxe4 c6 22. Rd1 Rfd8 23. Rxd8+ Rxd8 24. Kg2 Rd4 25. Be2 Rxe4 0-1

[Event "AUTO-OPEN-1340"]
[Site "http://www.queenalice.com/game.php?id=495048"]
[Date "2008.11.18"]
[Round "1"]
[White "Miquel78"]
[Black "V_Spy"]
[Result "1-0"]
[WhiteElo "1640"]
[BlackElo "1539"]

1. e4 Nf6 2. e5 Ne4 3. d4 d5 4. c4 f6 5. f4 g6 6. Bd3 Bf5 7. g4 dxc4 8. Qa4+ Qd7
9. Qxc4 b5 10. Qc2 Qxd4 11. gxf5 gxf5 12. Bxb5+ c6 13. Bxc6+ Nxc6 14. Qxc6+ Qd7
15. Qxa8+ Kf7 16. Qb8 Bg7 17. e6+ Kxe6 18. Qb3+ Qd5 19. Qxd5+ Kxd5 20. Ne2 Rc8
21. Nbc3+ Ke6 22. Be3 1-0

[Event "AUTO-OPEN-1340"]
[Site "http://www.queenalice.com/game.php?id=495061"]
[Date "2008.11.18"]
[Round "1"]
[White "Miquel78"]
[Black "whyBish"]
[Result "1-0"]
[WhiteElo "1554"]
[BlackElo "2049"]

1. d4 Nf6 2. Nf3 e6 3. e3 b6 4. Bd3 Be7 5. Nbd2 c5 6. c3 O-O 7. O-O Ba6 8. c4 d5
9. b3 Nc6 10. a3 cxd4 11. exd4 Rc8 12. Re1 dxc4 13. Bxc4 b5 14. Bd3 Nxd4 15. Bb2
Nc6 16. Qe2 Nd5 17. Bxb5 Bxb5 18. Qxb5 Bf6 19. Bxf6 Qxf6 20. Ne4 Qg6 21. Rac1
Nce7 22. Rxc8 Rxc8 23. Ne5 Qf5 24. Nd6 Qxe5 25. Rxe5 Rc1+ 26. Qf1 Rxf1+ 27. Kxf1
Nc6 28. Re1 g6 29. Rc1 Ne5 30. Rc8+ Kg7 31. Ra8 1-0

[Event "AUTO-OPEN-1340"]
[Site "http://www.queenalice.com/game.php?id=495062"]
[Date "2008.11.18"]
[Round "1"]
[White "whyBish"]
[Black "Miquel78"]
[Result "0-1"]
[WhiteElo "2043"]
[BlackElo "1554"]

1. d4 Nf6 2. c4 e5 3. d5 Bc5 4. Nc3 d6 5. h3 a6 6. Bg5 Bf5 7. e3 Nbd7 8. Bd3
Bxd3 9. Qxd3 O-O 10. Nge2 h6 11. Bh4 g5 12. Bg3 Nh5 13. O-O f5 14. Bh2 Nb6 15.
e4 f4 16. Qf3 Nf6 17. a3 Nxc4 18. b4 Nd2 19. Qd3 Nxf1 20. bxc5 Nxh2 21. Kxh2
dxc5 22. Rd1 b5 23. Nc1 c4 0-1

[Event "Challenge"]
[Site "http://www.queenalice.com/game.php?id=501212"]
[Date "2008.12.1"]
[Round "-"]
[White "Simon_Itanos"]
[Black "Miquel78"]
[Result "1-0"]
[WhiteElo "2026"]
[BlackElo "1554"]

1. Nf3 f5 2. d4 Nf6 3. g3 e6 4. Bg2 d5 5. O-O Bd6 6. c4 c6 7. c5 Bc7 8. Nc3 Qe7
9. Bg5 Nbd7 10. b4 h6 11. Bd2 g5 12. b5 O-O 13. Qa4 cxb5 14. Nxb5 Bb8 15. Bb4 a5
16. Ba3 Qd8 17. Nd2 Re8 18. Rac1 Ne4 19. Nxe4 dxe4 20. f3 exf3 21. Bxf3 Ra6 22.
Nd6 Bxd6 23. cxd6 Nb6 24. Qb5 Bd7 25. Qb1 Bc8 26. e4 fxe4 27. Qxe4 1-0